| 000 | 00326nam a22001337a 4500 | ||
|---|---|---|---|
| 005 | 20250625123525.0 | ||
| 008 | 250625b |||||||| |||| 00| 0 eng d | ||
| 020 | _a9781844741823 | ||
| 050 |
_aBS680 _bANG |
||
| 245 | _aANGELS AND DEMONS | ||
| 260 |
_aAPOLLOS _bINTER-VARSITY PRESS _cc2007 |
||
| 300 | _a277p | ||
| 942 |
_2lcc _cBK _n0 |
||
| 999 |
_c6680 _d6680 |
||